| 000 | 00850nam a2200205Ia 4500 | ||
|---|---|---|---|
| 001 | 16253 | ||
| 003 | GE_BSU | ||
| 008 | 181216s||||||||xx |||||||||||||| ||und|| | ||
| 040 | _cGE_BSU | ||
| 245 | _aსაქართველოს ისტორია ოთხ ტომად ტ.3 საქართველო XIII საუკუნიდან XIX საუკუნამდე | ||
| 245 | _bუძველესი დროიდან XX საუკუნის ბოლომდე | ||
| 245 | _cრედ.მიხეილ სამსონაძე | ||
| 260 | _aთბილისი. | ||
| 260 | _bპალიტრაL | ||
| 260 | _c2014. | ||
| 300 | _a528გვ;ილ,+16ჩართ.ფ.ილ,26სმ. | ||
| 541 | _h12ლ.50თ | ||
| 653 | _aსაქართველოს ისტორია | ||
| 942 | _cBK | ||
| 999 |
_c49336 _d49336 |
||